| 000 | 01337 a2200217 4500 | ||
|---|---|---|---|
| 001 | 54961 | ||
| 005 | 20260407155825.0 | ||
| 008 | 260407a1999 arg spa d | ||
| 003 | AR-UNSa-BCEJYS | ||
| 040 |
_aAR-UNSa-BCEJYS _bspa _cAR-UNSa-BCEJYS |
||
| 080 |
_a658.012.4 _xGestión. Dirección. Autoridad. Técnicas y métodos de gestión (gestión del conocimiento, Outsourcing, Benchmarking...) |
||
| 245 | 1 | 0 |
_aLa dirección de proyectos en las organizaciones _pcómo utilizar bien el tiempo, las técnicas y la gente |
| 020 | _a84-7577-647-7 | ||
| 264 | 1 |
_aBarcelona : _bGranica _c1999 |
|
| 300 |
_a339 p. _c22 cm. |
||
| 505 | _a1. Operar dentro de las realidades de la vida organizacional – 2.Trabajar con gente capaz – 3.Estructurar los equipos del proyecto y darles cohesión – 4.Asegurarse de que el proyecto se base sobre una necesidad clara – 5.Especificar lo que el proyecto debe lograr – 6.Instrumentos técnicos para realizar el proyecto – 7.Como dirigir proyectos complejos y resolver problemas especiales – 8.Como alcanzar buenos resultados: principios para triunfar como gerente de proyecto – 9.Las competencias básicas del manager de proyecto ,la dirección de proyectos como profesión. | ||
| 041 | _aspa | ||
| 942 | _cBK | ||
| 590 | _aniveau_biblio:m niveau_hierar:0 | ||
| 100 | 1 | _aFrame, J. Davidson | |
| 999 |
_c5848 _d5848 |
||